| 000 | 01149nam a2200313 i 4500 | ||
|---|---|---|---|
| 001 | 12635 | ||
| 003 | KOSZ 005 | ||
| 005 | 20220322141649.0 | ||
| 008 | 081110s1958 pl a f 000 0 pol | ||
| 015 | _aPB 1958/7039 | ||
| 040 |
_aWA N _cWA N _dKOSZ 005/RW _dKOSZ 005/HR |
||
| 046 | _k1958 | ||
| 080 | _a621 | ||
| 100 | 1 |
_aGiełażyn, Roman. _eAutor |
|
| 245 | 1 | 0 |
_aPomiar kół zębatych mikrometrem talerzykowym / _cRoman Giełażyn. |
| 250 | _aWyd. 2 rozsz. | ||
| 260 |
_aWarszawa : _bPaństwowe Wydawnictwa Techniczne, _c1958. |
||
| 300 |
_a39, [1] s. : _bil. ; _c21 cm. |
||
| 380 | _aKsiążki. | ||
| 504 | _aBibliogr. s. [26]. | ||
| 521 | 8 | _aDla robotników wykwalifikowanych, kontrolerów i konstruktorów maszyn, uczniów techników mechan. i studentów politechnik wydziałów mechanicznych. | |
| 650 | 4 | _aKoła zębate | |
| 650 | 4 | _aPomiary | |
| 655 | 4 | _aPodręcznik | |
| 658 | _aInżynieria i technika | ||
| 710 | 2 |
_aPaństwowe Wydawnictwa Techniczne _4pbl. |
|
| 856 |
_uhttp://koha.tu.koszalin.pl/cgi-bin/koha/opac-detail.pl?biblionumber=12635 _yKatalog online BPK |
||
| 942 |
_2UKD _cKS |
||
| 999 |
_c12635 _d12635 |
||